Les 5 Meilleurs Buteurs de Premier League par Saison (XXIème siècle) - Statistiques

Statistiques générales
  • Ce quiz a été pris 940 fois
    136 depuis la dernière actualisation
  • Le résultat moyen est 82 sur 130
Statistiques - réponses
Saison Top Buts Club Joueur % Correct
2022/2023 1 36 Manchester City Erling Haaland
99%
2023/2024 1 27 Manchester City Erling Haaland
99%
2024/2025 3 22 Manchester City Erling Haaland
99%
2014/2015 2 21 Tottenham Hotspur Harry Kane
99%
2015/2016 1 25 Tottenham Hotspur Harry Kane
99%
2016/2017 1 29 Tottenham Hotspur Harry Kane
99%
2017/2018 2 30 Tottenham Hotspur Harry Kane
99%
2020/2021 1 23 Tottenham Hotspur Harry Kane
99%
2021/2022 4 17 Tottenham Hotspur Harry Kane
99%
2022/2023 2 30 Tottenham Hotspur Harry Kane
99%
2017/2018 1 32 Liverpool FC Mohamed Salah
98%
2018/2019 3 22 Liverpool FC Mohamed Salah
98%
2019/2020 5 19 Liverpool FC Mohamed Salah
98%
2020/2021 2 22 Liverpool FC Mohamed Salah
98%
2021/2022 1 23 Liverpool FC Mohamed Salah
98%
2022/2023 4 19 Liverpool FC Mohamed Salah
98%
2024/2025 1 29 Liverpool FC Mohamed Salah
98%
2018/2019 2 22 Liverpool FC Sadio Mané
97%
2021/2022 5 16 Liverpool FC Sadio Mané
97%
2015/2016 3 24 Leicester City Jamie Vardy
95%
2017/2018 4 20 Leicester City Jamie Vardy
95%
2018/2019 5 18 Leicester City Jamie Vardy
95%
2019/2020 1 23 Leicester City Jamie Vardy
95%
2006/2007 3 17 Manchester United Cristiano Ronaldo
93%
2007/2008 1 31 Manchester United Cristiano Ronaldo
93%
2008/2009 2 18 Manchester United Cristiano Ronaldo
93%
2021/2022 3 18 Manchester United Cristiano Ronaldo
93%
2020/2021 4 17 Tottenham Hotspur Heung-min Son
93%
2021/2022 2 23 Tottenham Hotspur Heung-min Son
93%
2023/2024 3 21 Newcastle United FC Alexander Isak
92%
2024/2025 2 23 Newcastle United FC Alexander Isak
92%
2011/2012 3 23 Manchester City Sergio Aguero
92%
2013/2014 4 17 Manchester City Sergio Aguero
92%
2014/2015 1 26 Manchester City Sergio Aguero
92%
2015/2016 2 24 Manchester City Sergio Aguero
92%
2016/2017 4 20 Manchester City Sergio Aguero
92%
2017/2018 3 21 Manchester City Sergio Aguero
92%
2018/2019 4 21 Manchester City Sergio Aguero
92%
2006/2007 5 14 Manchester United Wayne Rooney
91%
2009/2010 2 26 Manchester United Wayne Rooney
91%
2011/2012 2 27 Manchester United Wayne Rooney
91%
2013/2014 5 17 Manchester United Wayne Rooney
91%
2018/2019 1 22 Arsenal FC Pierre-Emerick Aubameyang
88%
2019/2020 2 22 Arsenal FC Pierre-Emerick Aubameyang
88%
2023/2024 5 19 Manchester City Phil Foden
86%
2000/2001 3 17 Arsenal FC Thierry Henry
85%
2001/2002 1 24 Arsenal FC Thierry Henry
85%
2002/2003 2 24 Arsenal FC Thierry Henry
85%
2003/2004 1 30 Arsenal FC Thierry Henry
85%
2004/2005 1 25 Arsenal FC Thierry Henry
85%
2005/2006 1 27 Arsenal FC Thierry Henry
85%
2012/2013 2 23 Liverpool FC Luis Suarez
82%
2013/2014 1 31 Liverpool FC Luis Suarez
82%
2023/2024 2 22 Manchester City / Chelsea FC Cole Palmer
81%
2017/2018 5 18 Manchester City Raheem Sterling
81%
2019/2020 4 20 Manchester City Raheem Sterling
81%
2015/2016 5 17 Leicester City Riyad Mahrez
81%
2006/2007 1 20 Chelsea FC Didier Drogba
80%
2009/2010 1 29 Chelsea FC Didier Drogba
80%
2023/2024 4 19 Aston Villa Ollie Watkins
79%
2024/2025 4 20 FC Brentford Bryan Mbeumo
78%
2010/2011 3 18 Arsenal FC Robin Van Persie
78%
2011/2012 1 30 Arsenal FC Robin Van Persie
78%
2012/2013 1 26 Manchester United Robin Van Persie
78%
2020/2021 3 18 Manchester United Bruno Fernandes
71%
2001/2002 2 23 Manchester United Ruud Van Nistelrooy
71%
2002/2003 1 25 Manchester United Ruud Van Nistelrooy
71%
2003/2004 4 20 Manchester United Ruud Van Nistelrooy
71%
2005/2006 2 21 Manchester United Ruud Van Nistelrooy
71%
2005/2006 4 16 Chelsea FC Frank Lampard
68%
2009/2010 5 22 Chelsea FC Frank Lampard
68%
2024/2025 5 20 Nottingham Forrest Chris Wood
67%
2015/2016 4 18 Everton FC Romelu Lukaku
65%
2016/2017 2 25 Everton FC Romelu Lukaku
65%
2008/2009 3 16 Liverpool FC Steven Gerrard
65%
2014/2015 3 20 Chelsea FC Diego Costa
64%
2016/2017 5 20 Chelsea FC Diego Costa
64%
2007/2008 2 24 Liverpool FC Fernando Torres
64%
2008/2009 4 14 Liverpool FC Fernando Torres
64%
1999/2000 2 23 Newcastle United FC Alan Shearer
63%
2001/2002 4 23 Newcastle United FC Alan Shearer
63%
2003/2004 2 22 Newcastle United FC Alan Shearer
63%
2000/2001 5 16 Liverpool FC Michael Owen
59%
2001/2002 5 19 Liverpool FC Michael Owen
59%
2002/2003 5 19 Liverpool FC Michael Owen
59%
2014/2015 5 16 Arsenal FC Alexis Sanchez
54%
2016/2017 3 24 Arsenal FC Alexis Sanchez
54%
2009/2010 4 23 Manchester City Carlos Tevez
53%
2010/2011 1 20 Manchester City Carlos Tevez
53%
2008/2009 1 19 Chelsea FC Nicolas Anelka
52%
2013/2014 2 22 Liverpool FC Daniel Sturridge
47%
2022/2023 3 20 Brentford FC Ivan Toney
47%
2013/2014 3 20 Manchester City Yaya Touré
43%
2012/2013 3 21 Tottenham Hotspur Gareth Bale
42%
2020/2021 5 17 Leeds United FC Patrick Bamford
40%
2004/2005 3 14 Arsenal FC Robert Pires
39%
1999/2000 4 19 Manchester United Andy Cole
38%
2004/2005 4 13 Tottenham Hotspur Jermain Defoe
38%
2022/2023 5 18 Newcastle United FC Callum Wilson
36%
2010/2011 2 20 Manchester United Dimitar Berbatov
35%
2019/2020 3 22 Southampton FC Danny Ings
29%
2007/2008 3 24 Arsenal FC Emmanuel Adebayor
27%
2011/2012 5 17 Tottenham Hotspur Emmanuel Adebayor
27%
1999/2000 3 20 Manchester United Dwight Yorke
22%
2000/2001 1 23 Chelsea FC Jimmy Floyd Hasselbaink
21%
2001/2002 3 23 Chelsea FC Jimmy Floyd Hasselbaink
21%
2004/2005 5 13 Middlesbrough Jimmy Floyd Hasselbaink
21%
2012/2013 5 18 Swansea City Michu
21%
2003/2004 3 20 FC Fulham / Manchester United Louis Saha
19%
2008/2009 5 14 Manchester City Robinho
19%
2005/2006 3 18 Charlton Athletic Darren Bent
18%
2009/2010 3 24 AFC Sunderland Darren Bent
18%
2010/2011 4 17 AFC Sunderland / Aston Villa Darren Bent
18%
2005/2006 5 16 Tottenham Hotspur Robbie Keane
15%
2012/2013 4 19 Aston Villa Christian Benteke
14%
1999/2000 1 30 AFC Sunderland Kevin Phillips
13%
2014/2015 4 18 Queens Park Rangers Charlie Austin
6%
2000/2001 4 17 Leeds United FC Mark Viduka
5%
2002/2003 4 20 Leeds United FC Mark Viduka
5%
2006/2007 4 14 Middlesbrough Mark Viduka
5%
2004/2005 2 21 Crystal Palace FC Andy Johnson
3%
2010/2011 5 15 West Bromwich Albion Peter Odemwingie
3%
2007/2008 4 19 Blackburn Rovers Roque Santa Cruz
2%
2007/2008 5 15 Middlesbrough / Everton FC Yukubu Aiyegbeni
1%
2011/2012 4 17 Blackburn Rovers Yukubu Aiyegbeni
1%
2006/2007 2 18 Blackburn Rovers Benni McCarthy
0%
2002/2003 3 23 Southampton FC James Beattie
0%
2000/2001 2 19 Ipswich Town FC Marcus Stewart
0%
1999/2000 5 19 Leeds United FC Michael Bridges
0%
2003/2004 5 17 Birmingham City FC Mikael Forssell
0%
Aucun quiz correspondant
Distribution des résultats
% des personnes avec chaque résultat
Percentile par nombre de réponses
Votre historique - résultats
Vous n’avez pas pris ce quiz depuis la dernière actualisation